| 000 | 00500nam a2200181Ia 4500 | ||
|---|---|---|---|
| 999 |
_c31848 _d31848 |
||
| 003 | OSt | ||
| 005 | 20200803123909.0 | ||
| 008 | 190216s9999||||xx |||||||||||||| ||und|| | ||
| 020 | _a9780071383189 | ||
| 040 | _coclc | ||
| 082 |
_a516 _bAYR/T |
||
| 100 |
_a Ayres, Frank _93893 |
||
| 245 | 0 |
_aTrigonometry / _cFrank Ayres ; Robert E Moyer |
|
| 260 |
_bMcgraw -hill, _c2000. _aNew York: |
||
| 300 | _a122p | ||
| 650 | _aMathematics | ||
| 942 |
_cBK _2ddc _h516 _iAYR/T _k516 _mAYR/T |
||